000 00467nam a22001817a 4500
005 20200607150115.0
008 200607b xxu||||| |||| 00| 0 eng d
020 _a978-93-85915-50-5
041 _aeng
082 _a615.19
100 _aALAGARSAMY, V
_95844
245 _aTEXTBOOK OF MEDICINAL CHEMISTRY (VOL-2)
250 _a3RD ED.
260 _aDELHI
_bCBS PUBLISHERS AND DISTRIBUTORS PVT LTD.
300 _a568;p
650 _aPHARMACY
_95845
942 _cBK
999 _c6910
_d6908